| 000 | 01488cam a22003375a 4500 | ||
|---|---|---|---|
| 003 | EG-ScBUE | ||
| 005 | 20220511103516.0 | ||
| 008 | 180829s1999 enka f b 001 0 eng d | ||
| 020 | _a0340706082 | ||
| 020 | _a9780340706084 | ||
| 040 |
_aEG-ScBUE _beng _erda _dEG-ScBUE _cEG-ScBUE |
||
| 043 | _ae-uk--- | ||
| 082 | 0 | 4 |
_a427.941 _bFOU _222 |
| 245 | 0 | 0 |
_aUrban voices : _baccent studies in the British Isles / _cedited by Paul Foulkes, Department of linguistics and phonetics, University of Leeds and Gerard J. Docherty, Department of Speech, University of Newcastle. |
| 264 | 1 |
_aLondon : _bArnold, _c1999. |
|
| 300 |
_axiii, 313 pages : _billustrations ; _c24 cm |
||
| 336 |
_2rdacontent _atext _btxt |
||
| 337 |
_2rdamedia _aunmediated _bn |
||
| 338 |
_2rdacarrier _avolume _bnc |
||
| 504 | _aIncludes bibliographical references and index. | ||
| 520 | _aSurveys the current state of accents in Britain, looking in detail at some fifteen, and introduces issues at the forefront of ongoing work in theoretical sociolinguistics and descriptive dialectology. | ||
| 650 | 7 |
_aEnglish language _xAccents and accentuation _zIreland _zDublin. _2BUEsh |
|
| 650 | 7 |
_aEnglish language _xDialects _zGreat Britain. _2BUEsh |
|
| 650 | 7 |
_aEnglish language _xAccents and accentuation _zGreat Britain. _2BUEsh |
|
| 651 | _2BUEsh | ||
| 653 |
_bHHUUEENN _cAugust2018 |
||
| 655 |
_vReading book _934232 |
||
| 700 | 1 |
_aDocherty, Gerard J., _eeditor. |
|
| 700 | 1 |
_aFoulkes, Paul, _eeditor. |
|
| 942 |
_2ddc _cBB |
||
| 999 |
_c7420 _d7420 |
||